| 000 | 00991nam a22002777a 4500 | ||
|---|---|---|---|
| 003 | dpl | ||
| 005 | 20180905162312.0 | ||
| 008 | 180905b xxu||||| |||| 00| 0 eng d | ||
| 010 | _aA-692113 | ||
| 020 |
_c75.00 _a8185671214 |
||
| 035 | _aA-692113, A-692127 | ||
| 037 | _bCen Lib/Ret | ||
| 040 |
_aDPL _bHN _c0 |
||
| 082 |
_aउ _bप्रदीप |
||
| 100 |
_aप्रदीप अंशु _965730 |
||
| 245 |
_aराजा की चाह / _cप्रदीप अंशु |
||
| 246 |
_aRaja ki chah / _bby Pradeep Anshu |
||
| 260 |
_aदिल्ली _bभावना प्रकाशन _c1994 |
||
| 270 |
_a126, पटपड़गंज _bदिल्ली _e110011 |
||
| 300 |
_a128पृ. _c21सेमी (सजिल्द) |
||
| 650 |
_aहिन्दी साहित्य _965731 |
||
| 650 |
_aउपन्यास _965732 |
||
| 650 |
_aHindi literature _965733 |
||
| 650 |
_aFiction _98901 |
||
| 942 |
_2ddc _cHN _hउ _mप्रदीप |
||
| 999 |
_c116282 _d116282 |
||